[Event "FIDE Open World Blitz 2021"]
[Site "Warsaw"]
[Date "2021.12.29"]
[Round "2.50"]
[White "Kravtsiv, Martyn"]
[Black "Nasuta, Grzegorz"]
[Result "1-0"]
[WhiteElo "2616"]
[BlackElo "2377"]
[Annotator "ChessBase"]
[PlyCount "77"]
[EventDate "2021.12.29"]
[EventType "swiss"]
[EventCountry "POL"]
[Tiebreak "Cut1 Buchholz"]
[SourceTitle "playchess.com"]
[Source "ChessBase"]
[SourceQuality "1"]

1. e4 e5 2. Nf3 Nc6 3. Nc3 Nf6 4. a4 d5 5. exd5 Nxd5 6. Bb5 Nxc3 7. bxc3 Bd6 8.
O-O O-O 9. d4 exd4 10. cxd4 h6 11. c3 Qf6 12. a5 Ne7 13. Bd3 Bg4 14. a6 b6 15.
h3 Bf5 16. Be3 Rfe8 17. c4 c6 18. Re1 Rad8 19. Ra2 Bxd3 20. Qxd3 Qf5 21. Rd1
Qxd3 22. Rxd3 b5 23. Rc2 bxc4 24. Rxc4 Rb8 25. Rc1 Rec8 26. Ne5 Rb5 27. Nc4 Bc7
28. Bd2 Rd5 29. Bb4 Nf5 30. Bc5 Bb8 31. Rb1 Rcd8 32. Rdb3 Bf4 33. Ne3 Bxe3 34.
fxe3 Nd6 35. Bxa7 Ra8 36. Rb8+ Rxb8 37. Rxb8+ Kh7 38. Bc5 Nb5 39. a7 1-0

[Event "FIDE Open World Blitz 2021"]
[Site "Warsaw"]
[Date "2021.12.29"]
[Round "2.51"]
[White "Michalik, Peter"]
[Black "Klekowski, Maciej"]
[Result "0-1"]
[WhiteElo "2605"]
[BlackElo "2499"]
[Annotator "ChessBase"]
[PlyCount "74"]
[EventDate "2021.12.29"]
[EventType "swiss"]
[EventCountry "POL"]
[Tiebreak "Cut1 Buchholz"]
[SourceTitle "playchess.com"]
[Source "ChessBase"]
[SourceQuality "1"]

1. d4 Nf6 2. c4 e6 3. Nf3 b6 4. g3 Bb7 5. Bg2 Be7 6. O-O O-O 7. Nc3 Ne4 8. Bd2
d5 9. cxd5 exd5 10. Rc1 Nd7 11. Bf4 Nxc3 12. Rxc3 c5 13. dxc5 bxc5 14. Ne5 Nxe5
15. Bxe5 Qd7 16. Rd3 d4 17. Bxb7 Qxb7 18. b3 Qe4 19. Bf4 a5 20. Qc2 a4 21. Rc1
axb3 22. axb3 Rfc8 23. Qd1 h5 24. f3 Qe6 25. h4 Bd6 26. Bxd6 Qxd6 27. Kg2 Qe6
28. Rc2 Rab8 29. Qc1 Re8 30. Qa3 Qf5 31. Rdd2 Re5 32. Rb2 Re3 33. Rbc2 Rbe8 34.
Qc1 d3 35. Rxc5 Rxe2+ 36. Rxe2 Rxe2+ 37. Kg1 Qxf3 0-1

[Event "FIDE Open World Blitz 2021"]
[Site "Warsaw"]
[Date "2021.12.29"]
[Round "2.52"]
[White "Nguyen, Thai Dai Van"]
[Black "Efimenko, Zahar"]
[Result "1/2-1/2"]
[WhiteElo "2594"]
[BlackElo "2601"]
[Annotator "ChessBase"]
[PlyCount "66"]
[EventDate "2021.12.29"]
[EventType "swiss"]
[EventCountry "POL"]
[Tiebreak "Cut1 Buchholz"]
[SourceTitle "playchess.com"]
[Source "ChessBase"]
[SourceQuality "1"]

1. d4 d6 2. e4 g6 3. Nc3 Bg7 4. Be3 a6 5. Nf3 Nf6 6. Qd2 b5 7. Bd3 Bb7 8. a3
O-O 9. Bh6 Nbd7 10. Bxg7 Kxg7 11. O-O-O e5 12. dxe5 dxe5 13. h4 h5 14. Ng5 Qe7
15. Kb1 Rad8 16. f3 b4 17. axb4 Qxb4 18. Na2 Qb6 19. Qb4 Nc5 20. Bc4 Qxb4 21.
Nxb4 a5 22. Na2 Rxd1+ 23. Rxd1 Ne8 24. Nc3 Nd6 25. Bd5 Ba6 26. Ba2 f6 27. Ne6+
Nxe6 28. Bxe6 Rb8 29. b3 Bb5 30. Nd5 Ne8 31. Nc3 Nd6 32. Nd5 Ne8 33. Nc3 Nd6
1/2-1/2

[Event "FIDE Open World Blitz 2021"]
[Site "Warsaw"]
[Date "2021.12.29"]
[Round "3.1"]
[White "Indjic, Aleksandar"]
[Black "Carlsen, Magnus"]
[Result "0-1"]
[WhiteElo "2603"]
[BlackElo "2855"]
[Annotator "TA"]
[PlyCount "118"]
[EventDate "2021.12.29"]
[EventType "swiss"]
[EventCountry "POL"]
[Tiebreak "Cut1 Buchholz"]
[SourceTitle "playchess.com"]
[Source "ChessBase"]
[SourceQuality "1"]

1. d4 d5 2. c4 e6 3. Nf3 Nf6 4. Nc3 Be7 5. Bf4 O-O 6. e3 c5 7. dxc5 Bxc5 8. a3
Nc6 9. cxd5 exd5 10. Be2 d4 11. exd4 Nxd4 12. Nxd4 Qxd4 13. Qxd4 Bxd4 14. Nb5
Bxb2 15. Rb1 Nd5 16. Bd6 Bc3+ 17. Nxc3 Nxc3 18. Rb3 Nxe2 19. Bxf8 Nd4 20. Rd3
Nc2+ 21. Kd2 Bf5 22. Bc5 Bxd3 23. Kxd3 Rd8+ 24. Kxc2 Rc8 25. Kb3 Rxc5 26. Rd1
g5 27. Rd7 Rb5+ 28. Kc3 Kg7 29. a4 Rb1 30. Kd2 Kg6 31. h3 a5 32. Rd6+ f6 33.
Rd7 h5 34. Ke2 h4 35. Rc7 Rb4 36. Rc5 b6 37. Rc6 Kf5 38. Kd3 Ke5 39. Ke3 f5 40.
Rg6 Rb3+ 41. Kd2 Kf4 42. Rc6 Rb2+ 43. Ke1 Ke4 44. Rg6 Rb4 45. Kd2 Kf4 46. Ke2
g4 47. Rh6 Kg5 48. Rc6 Rb2+ 49. Kf1 g3 50. fxg3 hxg3 51. Rd6 Kf4 52. Re6 Rb1+
53. Ke2 Rg1 54. Rxb6 Rxg2+ 55. Kf1 Rf2+ 56. Kg1 Ra2 57. h4 Kg4 58. h5 Kxh5 59.
Rb5 Kg4 0-1

[Event "FIDE Open World Blitz 2021"]
[Site "Warsaw"]
[Date "2021.12.29"]
[Round "3.1"]
[White "Blohberger, Felix"]
[Black "Vokhidov, Shamsiddin"]
[Result "1/2-1/2"]
[WhiteElo "2490"]
[BlackElo "2613"]
[Annotator "ChessBase"]
[PlyCount "211"]
[EventDate "2021.12.29"]
[EventType "swiss"]
[EventCountry "POL"]
[Tiebreak "Cut1 Buchholz"]
[SourceTitle "playchess.com"]
[Source "ChessBase"]
[SourceQuality "1"]

1. d4 Nf6 2. Nf3 d5 3. Bf4 c5 4. e3 Nc6 5. Nbd2 cxd4 6. exd4 Bf5 7. Bb5 Rc8 8.
Ne5 Bd7 9. Bxc6 Bxc6 10. O-O e6 11. c3 Be7 12. Re1 O-O 13. h3 Nd7 14. Ndf3 Nxe5
15. Bxe5 f6 16. Bg3 Bd7 17. Qb3 b5 18. Re3 Qb6 19. a3 a5 20. Qd1 b4 21. cxb4
axb4 22. a4 Rc4 23. b3 Rc3 24. Rxc3 bxc3 25. Qc2 Rc8 26. Re1 Qb4 27. Re3 Qa3
28. Kh2 Qb2 29. Re2 Ba3 30. Ne1 Qxc2 31. Nxc2 Be7 32. f3 Bd8 33. Bd6 Bb6 34. f4
Be8 35. Rxe6 Bg6 36. Re2 Bd3 37. Rf2 Kf7 38. b4 Ke6 39. Bc5 Bxc5 40. bxc5 Rb8
41. Ne3 Rb2 42. f5+ Kd7 43. Rf3 Be4 44. Rg3 g5 45. fxg6 hxg6 46. a5 g5 47. a6
Ra2 48. a7 Rxa7 49. Ng4 c2 50. Rc3 Kc6 51. Nxf6 Bg6 52. Ng4 Ra1 53. Ne5+ Kc7
54. Nxg6 c1=Q 55. Rxc1 Rxc1 56. Ne7 Rc4 57. Nxd5+ Kc6 58. Ne7+ Kd7 59. Nf5 Ke6
60. g4 Rc2+ 61. Kg3 Rc3+ 62. Kg2 Kd5 63. h4 gxh4 64. Nxh4 Kxd4 65. Nf3+ Ke4 66.
Nd2+ Kf4 67. Kf2 Rxc5 68. Ke2 Rc3 69. g5 Rg3 70. g6 Rxg6 71. Kd3 Ke5 72. Nf3+
Kd5 73. Nd2 Rg3+ 74. Ke2 Ra3 75. Nf3 Ke4 76. Nd2+ Kf4 77. Kd1 Rc3 78. Ke2 Rh3
79. Nc4 Rb3 80. Nd2 Ra3 81. Kd1 Rd3 82. Kc2 Ke3 83. Nb3 Rd8 84. Kc3 Rc8+ 85.
Kb4 Ke4 86. Nc5+ Kd5 87. Nb3 Rc4+ 88. Kb5 Rc3 89. Kb4 Rh3 90. Nd2 Rh2 91. Kc3
Rh3+ 92. Kb4 Rd3 93. Nb3 Rg3 94. Nd2 Rg8 95. Nb3 Rc8 96. Nd2 Kd4 97. Nb3+ Ke4
98. Nc5+ Kd4 99. Nb3+ Kd5 100. Nd2 Rc2 101. Nb3 Rc4+ 102. Kb5 Rg4 103. Na5 Rg8
104. Kb4 Rb8+ 105. Kc3 Rb1 106. Nb3 1/2-1/2

[Event "FIDE Open World Blitz 2021"]
[Site "Warsaw"]
[Date "2021.12.29"]
[Round "3.2"]
[White "Christiansen, Johan-Sebastian"]
[Black "Grischuk, Alexander"]
[Result "1/2-1/2"]
[WhiteElo "2593"]
[BlackElo "2773"]
[Annotator "TA"]
[PlyCount "38"]
[EventDate "2021.12.29"]
[EventType "swiss"]
[EventCountry "POL"]
[Tiebreak "Cut1 Buchholz"]
[SourceTitle "playchess.com"]
[Source "ChessBase"]
[SourceQuality "1"]

1. e4 e5 2. Nf3 Nc6 3. d4 exd4 4. Nxd4 Nf6 5. Nxc6 bxc6 6. Bd3 d5 7. exd5 cxd5
8. O-O Be7 9. c4 O-O 10. Nc3 Be6 11. cxd5 Nxd5 12. Be4 Nxc3 13. bxc3 Qxd1 14.
Rxd1 Rad8 15. Bf4 Bf6 16. Bxc7 Rc8 17. Ba5 Bxc3 18. Bxc3 Rxc3 19. Bd5 Bxd5
1/2-1/2

[Event "FIDE Open World Blitz 2021"]
[Site "Warsaw"]
[Date "2021.12.29"]
[Round "3.2"]
[White "Peng, Li Min"]
[Black "Petrosian, Tigran L."]
[Result "0-1"]
[WhiteElo "2412"]
[BlackElo "2602"]
[Annotator "ChessBase"]
[PlyCount "104"]
[EventDate "2021.12.29"]
[EventType "swiss"]
[EventCountry "POL"]
[Tiebreak "Cut1 Buchholz"]
[SourceTitle "playchess.com"]
[Source "ChessBase"]
[SourceQuality "1"]

1. Nf3 d6 2. d4 Bg4 3. Nbd2 e6 4. h3 Bh5 5. e4 Be7 6. Bd3 Nd7 7. c3 c6 8. Qe2
Bg6 9. a4 Qc7 10. a5 Ngf6 11. Nh4 O-O 12. Nxg6 hxg6 13. O-O e5 14. Nf3 Nh7 15.
dxe5 Nxe5 16. Nxe5 dxe5 17. Bc4 Bg5 18. Bxg5 Nxg5 19. Qg4 Qe7 20. b4 Rad8 21.
Rfd1 Kh8 22. h4 Nh7 23. g3 Nf6 24. Qe2 Kg8 25. Kg2 Rxd1 26. Rxd1 Rd8 27. Rxd8+
Qxd8 28. Qe3 b6 29. axb6 axb6 30. Bb3 Kf8 31. Qe2 Qd6 32. Qc4 Qd7 33. Qa6 Qc7
34. Qa8+ Ke7 35. Qh8 c5 36. Qxg7 c4 37. Bc2 Qa7 38. Qh6 Qa2 39. Qc1 b5 40. Kf3
Ne8 41. g4 Ng7 42. Kg3 Ne6 43. Bd1 Nf4 44. Qe3 Kf6 45. Qb6+ Kg7 46. Qxb5 Nd3
47. Qb6 Qd2 48. Bf3 Qf4+ 49. Kg2 Ne1+ 50. Kf1 Nxf3 51. g5 Nd2+ 52. Ke2 Nxe4 0-1

[Event "FIDE Open World Blitz 2021"]
[Site "Warsaw"]
[Date "2021.12.29"]
[Round "3.3"]
[White "Efimenko, Zahar"]
[Black "Kosakowski, Jakub"]
[Result "1/2-1/2"]
[WhiteElo "2601"]
[BlackElo "2340"]
[Annotator "ChessBase"]
[PlyCount "116"]
[EventDate "2021.12.29"]
[EventType "swiss"]
[EventCountry "POL"]
[Tiebreak "Cut1 Buchholz"]
[SourceTitle "playchess.com"]
[Source "ChessBase"]
[SourceQuality "1"]

1. Nf3 Nf6 2. g3 b5 3. Na3 a6 4. c4 bxc4 5. Nxc4 c5 6. Bg2 Nc6 7. O-O Bb7 8. d3
d6 9. d4 Nxd4 10. Nxd4 Bxg2 11. Kxg2 cxd4 12. Qxd4 e6 13. Bg5 Be7 14. Bxf6 gxf6
15. Nb6 Ra7 16. Rac1 Rc7 17. Qa4+ Kf8 18. Qxa6 Kg7 19. a4 d5 20. a5 Qd6 21. Qb5
Rb8 22. Rc3 d4 23. Rxc7 Qxc7 24. Rd1 Qb7+ 25. f3 e5 26. Rc1 e4 27. Qc6 exf3+
28. Qxf3 Qa6 29. Qg4+ Kh6 30. Qf4+ Kg7 31. Rc2 Rd8 32. Qg4+ Kh6 33. Qf4+ Kg7
34. Qc7 Qxa5 35. Qxe7 Qxb6 36. Qe4 h5 37. h3 Qb3 38. Rd2 Qb4 39. Rc2 Rd7 40.
Qd3 Qb7+ 41. Qf3 Qb5 42. Rd2 Re7 43. Kf2 Re3 44. Qf4 Qc4 45. g4 Rxh3 46. g5 Qe6
47. Qxf6+ Qxf6+ 48. gxf6+ Kxf6 49. Rxd4 Rb3 50. Rd2 Kg5 51. e3 f5 52. Kf3 h4
53. Rg2+ Kf6 54. Rh2 Kg5 55. Rg2+ Kf6 56. Rh2 Kg5 57. Rg2+ Kf6 58. Rh2 Ke5
1/2-1/2

[Event "FIDE Open World Blitz 2021"]
[Site "Warsaw"]
[Date "2021.12.29"]
[Round "3.3"]
[White "Demidov, Mikhail"]
[Black "Aronian, Levon"]
[Result "1/2-1/2"]
[WhiteElo "2592"]
[BlackElo "2782"]
[Annotator "TA"]
[PlyCount "123"]
[EventDate "2021.12.29"]
[EventType "swiss"]
[EventCountry "POL"]
[Tiebreak "Cut1 Buchholz"]
[SourceTitle "playchess.com"]
[Source "ChessBase"]
[SourceQuality "1"]

1. Nf3 d5 2. d4 Nf6 3. Bf4 c5 4. dxc5 e6 5. e3 Bxc5 6. Be2 O-O 7. O-O b6 8. c4
Bb7 9. Nc3 dxc4 10. Bxc4 Nbd7 11. Qe2 Nh5 12. Rfd1 Nxf4 13. exf4 Qe7 14. Ba6
Bxf3 15. Qxf3 Nf6 16. Ne4 Rad8 17. g3 Bd4 18. Rd2 Qb4 19. Nxf6+ Bxf6 20. Rxd8
Rxd8 21. Rd1 Rxd1+ 22. Qxd1 Qxb2 23. Qe2 Qb4 24. Qc4 Qb1+ 25. Kg2 g6 26. a4 Qd1
27. Bb5 Kg7 28. Be8 Qd8 29. Bb5 Bd4 30. Qd3 Qd5+ 31. Qf3 Qa2 32. Qe2 Qd5+ 33.
Qf3 Qc5 34. Qe2 Kf6 35. Qf3 Qc2 36. Qe2 Qxe2 37. Bxe2 Ke7 38. Ba6 Kd6 39. Kf3
Kc5 40. Bb5 Kb4 41. Be8 f6 42. h4 a6 43. g4 b5 44. axb5 a5 45. g5 a4 46. Bf7 e5
47. gxf6 exf4 48. b6 Bxb6 49. Bg8 Bd4 50. Bxh7 a3 51. Bg8 Bxf6 52. Kxf4 Bxh4
53. Kg4 Bf6 54. Bf7 Kc3 55. Kf4 Kb2 56. Ke4 a2 57. Bxa2 Kxa2 58. Kd5 Kb2 59. f4
Bc3 60. Ke6 Bd2 61. Kf6 Bxf4 62. Kxg6 1/2-1/2

[Event "FIDE Open World Blitz 2021"]
[Site "Warsaw"]
[Date "2021.12.29"]
[Round "3.4"]
[White "Erdos, Viktor"]
[Black "Sankalp, Gupta"]
[Result "1/2-1/2"]
[WhiteElo "2599"]
[BlackElo "2323"]
[Annotator "ChessBase"]
[PlyCount "89"]
[EventDate "2021.12.29"]
[EventType "swiss"]
[EventCountry "POL"]
[Tiebreak "Cut1 Buchholz"]
[SourceTitle "playchess.com"]
[Source "ChessBase"]
[SourceQuality "1"]

1. e4 e5 2. Nf3 Nf6 3. Nxe5 d6 4. Nf3 Nxe4 5. Bd3 Nf6 6. O-O Be7 7. Re1 O-O 8.
Bf1 d5 9. d4 Bg4 10. h3 Bh5 11. g4 Bg6 12. c4 dxc4 13. Bxc4 Nc6 14. Nc3 Re8 15.
a3 a6 16. Ba2 Qd6 17. Ne5 Rad8 18. Bf4 Qxd4 19. Nxc6 bxc6 20. Bxc7 Qxd1 21.
Raxd1 Rc8 22. Bf4 Bc5 23. Kg2 h5 24. f3 hxg4 25. hxg4 a5 26. Rxe8+ Rxe8 27. Bc7
Re3 28. Bxa5 Bc2 29. Rd2 Bd3 30. Nd1 Re2+ 31. Rxe2 Bxe2 32. Nc3 Bd3 33. Bc7 Kf8
34. b4 Be7 35. Be5 Nd7 36. Bf4 Bf6 37. Bd6+ Ke8 38. Nd1 Nb6 39. Ne3 Bb2 40. Bc5
Na4 41. Bc4 Nxc5 42. bxc5 Bd4 43. Nf5 Bxf5 44. gxf5 Bxc5 45. a4 1/2-1/2

[Event "FIDE Open World Blitz 2021"]
[Site "Warsaw"]
[Date "2021.12.29"]
[Round "3.4"]
[White "Socko, Bartosz"]
[Black "Martirosyan, Haik M."]
[Result "1-0"]
[WhiteElo "2571"]
[BlackElo "2624"]
[Annotator "ChessBase"]
[PlyCount "81"]
[EventDate "2021.12.29"]
[EventType "swiss"]
[EventCountry "POL"]
[Tiebreak "Cut1 Buchholz"]
[SourceTitle "playchess.com"]
[Source "ChessBase"]
[SourceQuality "1"]

1. d4 Nf6 2. c4 e6 3. Nf3 b6 4. Bf4 Bb7 5. e3 Be7 6. Nc3 O-O 7. Qc2 d5 8. cxd5
exd5 9. Nb5 Bb4+ 10. Nd2 c6 11. Nc7 Ne4 12. Rd1 g5 13. Bg3 Nxd2 14. Rxd2 Nd7
15. Nxa8 Bxa8 16. Bd3 Bxd2+ 17. Kxd2 Nf6 18. h4 g4 19. Be5 h6 20. f3 Re8 21.
Rf1 g3 22. Bxg3 c5 23. dxc5 bxc5 24. Qxc5 Ne4+ 25. fxe4 dxe4 26. Qc4 Bd5 27.
Qc7 exd3 28. Qxd8 Rxd8 29. Be5 Bxa2 30. Ra1 Bd5 31. g3 Rd7 32. Kxd3 a6 33. Rxa6
Be6+ 34. Rd6 Kh7 35. Rxd7 Bxd7 36. b4 Kg6 37. Kc4 Kf5 38. Bf4 Bc6 39. Bxh6 Kg4
40. Bf4 f5 41. Kc5 1-0

[Event "FIDE Open World Blitz 2021"]
[Site "Warsaw"]
[Date "2021.12.29"]
[Round "3.5"]
[White "Sjugirov, Sanan"]
[Black "Szpar, Milosz"]
[Result "1-0"]
[WhiteElo "2589"]
[BlackElo "2285"]
[Annotator "ChessBase"]
[PlyCount "79"]
[EventDate "2021.12.29"]
[EventType "swiss"]
[EventCountry "POL"]
[Tiebreak "Cut1 Buchholz"]
[SourceTitle "playchess.com"]
[Source "ChessBase"]
[SourceQuality "1"]

1. e4 c5 2. Nf3 d6 3. d4 cxd4 4. Nxd4 Nf6 5. Nc3 Nc6 6. Bg5 e6 7. Qd2 a6 8.
O-O-O h6 9. Nxc6 bxc6 10. Bf4 d5 11. Qe3 Bb4 12. a3 Be7 13. Be2 O-O 14. g4 Nh7
15. Kb1 Bg5 16. h4 Bxf4 17. Qxf4 f6 18. Qg3 Bd7 19. f4 Qb8 20. Na4 Qd6 21. e5
Qe7 22. Qe3 Rab8 23. Nc5 a5 24. Bd3 f5 25. g5 Rfd8 26. Rdg1 h5 27. g6 Nf8 28.
Qd4 Be8 29. Rg5 Bxg6 30. Rhg1 Kf7 31. Be2 Ke8 32. Rxg6 Nxg6 33. Rxg6 Qxh4 34.
Rxg7 Qe1+ 35. Bd1 Rb5 36. Rg1 Qh4 37. Nxe6 Rd7 38. Nc5 Rc7 39. e6 Ke7 40. Rg7+
1-0

[Event "FIDE Open World Blitz 2021"]
[Site "Warsaw"]
[Date "2021.12.29"]
[Round "3.5"]
[White "Van Foreest, Lucas"]
[Black "Shevchenko, Kirill"]
[Result "0-1"]
[WhiteElo "2532"]
[BlackElo "2647"]
[Annotator "ChessBase"]
[PlyCount "76"]
[EventDate "2021.12.29"]
[EventType "swiss"]
[EventCountry "POL"]
[Tiebreak "Cut1 Buchholz"]
[SourceTitle "playchess.com"]
[Source "ChessBase"]
[SourceQuality "1"]

1. e4 c5 2. c3 d5 3. exd5 Qxd5 4. d4 Nc6 5. dxc5 Qxc5 6. Be3 Qa5 7. Na3 Be6 8.
Bc4 Bxc4 9. Nxc4 Qc7 10. Qa4 Nf6 11. O-O-O e6 12. Nf3 Be7 13. Nfe5 Nd5 14. Nxc6
bxc6 15. Qa5 Qb7 16. Bc5 O-O 17. g3 Rab8 18. Qxa7 Bxc5 19. Qxc5 Qa6 20. Na3 h6
21. Rd2 Rb7 22. Rhd1 Rfb8 23. c4 Nb4 24. Rd8+ Kh7 25. Rxb8 Rxb8 26. Kb1 Qa4 27.
Qd6 Rb7 28. Rc1 Qa7 29. Qd2 Qc5 30. Nc2 Na6 31. Qd4 Qa5 32. Qe4+ g6 33. Qxc6
Nc5 34. Qf3 Qb6 35. b3 Ra7 36. Qc3 Nd7 37. Nb4 Qxf2 38. Nd3 Qxa2# 0-1

[Event "FIDE Open World Blitz 2021"]
[Site "Warsaw"]
[Date "2021.12.29"]
[Round "3.6"]
[White "Fedoseev, Vladimir"]
[Black "Santos Latasa, Jaime"]
[Result "1/2-1/2"]
[WhiteElo "2704"]
[BlackElo "2561"]
[Annotator "ChessBase"]
[PlyCount "133"]
[EventDate "2021.12.29"]
[EventType "swiss"]
[EventCountry "POL"]
[Tiebreak "Cut1 Buchholz"]
[SourceTitle "playchess.com"]
[Source "ChessBase"]
[SourceQuality "1"]

1. d4 Nf6 2. Nf3 d5 3. Bf4 e6 4. e3 Bd6 5. Ne5 O-O 6. Nd2 c5 7. c3 c4 8. g4 Qc7
9. g5 Ne8 10. Qh5 Nc6 11. Ndf3 Ne7 12. Rg1 Nf5 13. Nh4 f6 14. Nxf5 fxe5 15.
Nxd6 Nxd6 16. Bxe5 Bd7 17. Bh3 Qb6 18. Qe2 Nf5 19. Bxf5 Rxf5 20. h4 Raf8 21. f4
Be8 22. h5 Qc6 23. h6 g6 24. Kf2 b5 25. Kg3 Qb6 26. e4 dxe4 27. Qxe4 Bc6 28.
Qe3 Bd5 29. a3 a5 30. Rae1 a4 31. Ref1 Qd8 32. Rf2 Qd7 33. Rff1 Qd8 34. Qd2 Qd7
35. Kf2 Kf7 36. Ke1 Ke8 37. Qe3 Kd8 38. Kd2 Kc8 39. Kc1 Kb7 40. Re1 R8f7 41.
Rgf1 Qd8 42. Qg3 Qf8 43. Bf6 Qd6 44. Re5 Rxe5 45. fxe5 Qd7 46. Rf4 Qe8 47. Qf2
Qf8 48. Kd2 Kc6 49. Ke3 Kb7 50. Qg3 Qe8 51. Bg7 Rf5 52. Bf6 Rxf4 53. Kxf4 Ka6
54. Qe1 Bb7 55. Qe3 Qc6 56. Kg3 Qg2+ 57. Kf4 Bd5 58. Be7 Qf1+ 59. Kg3 Qg2+ 60.
Kf4 Qxb2 61. Bb4 Qc2 62. Kg3 Qg2+ 63. Kf4 Qf1+ 64. Kg3 Qg2+ 65. Kf4 Qh2+ 66.
Kg4 Qg2+ 67. Kf4 1/2-1/2

[Event "FIDE Open World Blitz 2021"]
[Site "Warsaw"]
[Date "2021.12.29"]
[Round "3.6"]
[White "Kuzmicz, Krystian"]
[Black "Antipov, Mikhail Al."]
[Result "0-1"]
[WhiteElo "2281"]
[BlackElo "2587"]
[Annotator "ChessBase"]
[PlyCount "38"]
[EventDate "2021.12.29"]
[EventType "swiss"]
[EventCountry "POL"]
[Tiebreak "Cut1 Buchholz"]
[SourceTitle "playchess.com"]
[Source "ChessBase"]
[SourceQuality "1"]

1. e4 c5 2. d3 Nc6 3. g3 d5 4. Nd2 Nf6 5. Bg2 e5 6. Ngf3 Be7 7. O-O O-O 8. c3
Be6 9. exd5 Nxd5 10. Nc4 Qc7 11. Re1 Bf6 12. Bg5 Rad8 13. Bxf6 gxf6 14. a4 Nxc3
15. Qc1 Nd5 16. Qh6 Nce7 17. Nfxe5 fxe5 18. Rxe5 Ng6 19. Be4 Nf6 0-1

[Event "FIDE Open World Blitz 2021"]
[Site "Warsaw"]
[Date "2021.12.29"]
[Round "3.7"]
[White "Alonso Rosell, Alvar"]
[Black "Lopusiewicz, Piotr"]
[Result "1-0"]
[WhiteElo "2580"]
[BlackElo "2279"]
[Annotator "ChessBase"]
[PlyCount "47"]
[EventDate "2021.12.29"]
[EventType "swiss"]
[EventCountry "POL"]
[Tiebreak "Cut1 Buchholz"]
[SourceTitle "playchess.com"]
[Source "ChessBase"]
[SourceQuality "1"]

1. d4 Nf6 2. Bf4 d5 3. e3 c5 4. dxc5 e6 5. b4 a5 6. c3 Be7 7. Bb5+ Bd7 8. Bxd7+
Nbxd7 9. Nf3 Ne4 10. Nfd2 g5 11. Nxe4 gxf4 12. Qd4 f6 13. Nd6+ Bxd6 14. cxd6
fxe3 15. Qxe3 Kf7 16. O-O Qb6 17. Qf4 e5 18. Qf3 Qxd6 19. Rd1 Nb6 20. Nd2 Qe6
21. c4 Rhd8 22. cxd5 Nxd5 23. Ne4 Ra6 24. Ng5+ 1-0

[Event "FIDE Open World Blitz 2021"]
[Site "Warsaw"]
[Date "2021.12.29"]
[Round "3.7"]
[White "Kadric, Denis"]
[Black "Abdusattorov, Nodirbek"]
[Result "1-0"]
[WhiteElo "2566"]
[BlackElo "2646"]
[Annotator "ChessBase"]
[PlyCount "43"]
[EventDate "2021.12.29"]
[EventType "swiss"]
[EventCountry "POL"]
[Tiebreak "Cut1 Buchholz"]
[SourceTitle "playchess.com"]
[Source "ChessBase"]
[SourceQuality "1"]

1. e4 e6 2. d3 d5 3. Nd2 Nf6 4. e5 Nfd7 5. f4 c5 6. Ndf3 Nc6 7. Nh3 b5 8. g3
Bb7 9. Bg2 Be7 10. O-O O-O 11. Qe2 Nb6 12. Bd2 b4 13. c3 a5 14. f5 exf5 15. e6
Bf6 16. Nfg5 Ne5 17. Rxf5 Qe7 18. Re1 Rae8 19. Qh5 h6 20. exf7+ Rxf7 21. Rexe5
Bxe5 22. Rxf7 1-0

[Event "FIDE Open World Blitz 2021"]
[Site "Warsaw"]
[Date "2021.12.29"]
[Round "3.8"]
[White "Sarana, Alexey"]
[Black "Gareyev, Timur"]
[Result "1-0"]
[WhiteElo "2656"]
[BlackElo "2583"]
[Annotator "ChessBase"]
[PlyCount "119"]
[EventDate "2021.12.29"]
[EventType "swiss"]
[EventCountry "POL"]
[Tiebreak "Cut1 Buchholz"]
[SourceTitle "playchess.com"]
[Source "ChessBase"]
[SourceQuality "1"]

1. d4 d6 2. e4 Nf6 3. Nc3 a6 4. f4 b5 5. e5 Ng4 6. Be2 h5 7. Bf3 c6 8. Nge2 h4
9. a4 b4 10. Ne4 Bf5 11. O-O d5 12. Ng5 e6 13. h3 Nh6 14. Be3 Bg6 15. Bf2 Nf5
16. Bg4 Be7 17. Qd2 a5 18. c3 Na6 19. Kh2 Rb8 20. Ng1 c5 21. N1f3 c4 22. Bxf5
Bxf5 23. Nxh4 Bd3 24. Rg1 bxc3 25. bxc3 Rb3 26. Ra2 Qb6 27. f5 exf5 28. Qf4 Rh5
29. Nhf3 Qg6 30. Be3 Nc7 31. g4 fxg4 32. Rxg4 Bxg5 33. Nxg5 Ne6 34. Nxe6 Qxe6
35. Qg3 g6 36. Rh4 Rxh4 37. Qxh4 Kd7 38. Bg5 Rxc3 39. Qh8 Rb3 40. Qd8+ Kc6 41.
Qa8+ Kd7 42. Rf2 Bf5 43. Qd8+ Kc6 44. Qa8+ Kd7 45. Qa7+ Kc8 46. Qa8+ Rb8 47.
Qxa5 Qd7 48. Qc5+ Qc7 49. Qf8+ Kb7 50. Rb2+ Ka7 51. Rxb8 Qxb8 52. Qxf7+ Qb7 53.
e6 Ka6 54. Qxb7+ Kxb7 55. e7 Bd7 56. a5 Ka6 57. Bd2 Kb5 58. h4 c3 59. Bxc3 Kc4
60. a6 1-0

[Event "FIDE Open World Blitz 2021"]
[Site "Warsaw"]
[Date "2021.12.29"]
[Round "3.8"]
[White "Mikhalevski, Victor"]
[Black "Aditya, Mittal"]
[Result "1/2-1/2"]
[WhiteElo "2577"]
[BlackElo "2245"]
[Annotator "ChessBase"]
[PlyCount "117"]
[EventDate "2021.12.29"]
[EventType "swiss"]
[EventCountry "POL"]
[Tiebreak "Cut1 Buchholz"]
[SourceTitle "playchess.com"]
[Source "ChessBase"]
[SourceQuality "1"]

1. Nf3 d5 2. g3 Nf6 3. Bg2 c5 4. O-O e6 5. c4 d4 6. e3 Nc6 7. Re1 Bd6 8. exd4
cxd4 9. d3 h6 10. Na3 O-O 11. Nc2 e5 12. b4 Re8 13. c5 Bb8 14. b5 Na5 15. Bd2
Bf5 16. Nb4 e4 17. Nh4 Bh7 18. dxe4 Bxe4 19. Rc1 Bxg2 20. Kxg2 Bc7 21. Qf3 Rxe1
22. Bxe1 Qd7 23. c6 bxc6 24. Nxc6 Nxc6 25. Rxc6 Re8 26. Bb4 Be5 27. Nf5 g6 28.
Nd6 Re6 29. Nc4 Qd5 30. Qxd5 Nxd5 31. Rxe6 fxe6 32. Bd2 Bc7 33. Kf3 e5 34. Ke4
Nf6+ 35. Kd3 Kf7 36. f3 Ke6 37. Bxh6 Kd5 38. Bg5 e4+ 39. fxe4+ Nxe4 40. Be7
Nf2+ 41. Ke2 Kxc4 42. Kxf2 Kxb5 43. h4 Kc4 44. g4 d3 45. Bf6 Bf4 46. h5 gxh5
47. gxh5 a5 48. Kf3 Bh6 49. Be5 a4 50. Bf6 Kb4 51. Bb2 Kc4 52. Bf6 Kd5 53. Bb2
Kc5 54. Bc3 Kc4 55. Bf6 Kb4 56. Bb2 Kb5 57. Bc3 Kc4 58. Bf6 Kb4 59. Ke4 1/2-1/2

[Event "FIDE Open World Blitz 2021"]
[Site "Warsaw"]
[Date "2021.12.29"]
[Round "3.9"]
[White "Puranik, Abhimanyu"]
[Black "Fridman, Daniel"]
[Result "1-0"]
[WhiteElo "2604"]
[BlackElo "2626"]
[Annotator "ChessBase"]
[PlyCount "91"]
[EventDate "2021.12.29"]
[EventType "swiss"]
[EventCountry "POL"]
[Tiebreak "Cut1 Buchholz"]
[SourceTitle "playchess.com"]
[Source "ChessBase"]
[SourceQuality "1"]

1. Nf3 d5 2. c4 e6 3. e3 Nf6 4. b3 c5 5. Bb2 Nc6 6. cxd5 exd5 7. Bb5 Bd6 8. O-O
O-O 9. d4 cxd4 10. Bxc6 bxc6 11. Qxd4 Re8 12. Nbd2 Qe7 13. Rac1 Bd7 14. Qh4 Ne4
15. Qxe7 Rxe7 16. Nxe4 Rxe4 17. Bd4 a5 18. Bc5 Bc7 19. Nd4 Ree8 20. a4 Be5 21.
Rfd1 Rab8 22. Rd3 Rb7 23. b4 axb4 24. Rb3 Ra8 25. Ra1 Ra5 26. Rxb4 Rxb4 27.
Bxb4 Ra6 28. a5 f6 29. f3 Kf7 30. Bc5 Bc8 31. Bb6 Ra8 32. Ra3 Bxd4 33. exd4 Ba6
34. Rc3 Bb5 35. Kf2 Re8 36. h4 Re2+ 37. Kg3 h5 38. Ra3 Ba6 39. Bc5 Rb2 40. Ra1
Ke6 41. Re1+ Re2 42. Rb1 Ra2 43. Rb6 Bf1 44. Kf4 Rxa5 45. Rb7 g5+ 46. hxg5 1-0